[Event "Windsor NAYCC U18"]
[Site "Windsor"]
[Date "2016.08.10"]
[Round "6.14"]
[White "Guo, Arthur"]
[Black "Wahl, Jackson"]
[Result "0-1"]
[WhiteElo "2155"]
[BlackElo "1982"]
[PlyCount "128"]
[EventDate "2016.08.07"]
[EventType "swiss"]
[EventRounds "9"]
[EventCountry "CAN"]
[SourceTitle "EXT 2022"]
[Source "ChessBase"]
[SourceDate "2021.10.06"]
[SourceVersion "1"]
[SourceVersionDate "2021.10.06"]
[SourceQuality "1"]

1. e4 d5 2. exd5 Qxd5 3. Nc3 Qa5 4. d4 c6 5. Nf3 Bf5 6. Ne5 Nf6 7. Bd3 Bxd3 8. Qxd3 e6 9. 0-0 Nbd7 10. Nxd7 Nxd7 11. Ne4 Be7 12. Qg3 Rg8 13. c3 Qd5 14. f3 Nf6 15. Re1 h6 16. Bd2 0-0-0 17. b4 g5 18. Nxf6 Bxf6 19. Qg4 Kb8 20. a4 e5 21. dxe5 Qxd2 22. exf6 Qxc3 23. b5 Qxf6 24. bxc6 Qxc6 25. Rab1 Rge8 26. Rec1 Qe6 27. Qb4 Qd5 28. Kh1 Rd7 29. a5 a6 30. h3 Qd4 31. Rc4 Qd2 32. Qb6 Re1+ 33. Kh2 Rxb1 34. Qxb1 Qd6+ 35. Kg1 Qd1+ 36. Qxd1 Rxd1+ 37. Kf2 Rd5 38. Ra4 Kc7 39. Ke3 Kc6 40. g4 Rb5 41. Rc4+ Kd6 42. Rd4+ Ke6 43. Ra4 f5 44. gxf5+ Kxf5 45. Kf2 h5 46. Kg3 h4+ 47. Kf2 Rb2+ 48. Ke3 Rh2 49. Rb4 Rxh3 50. Rxb7 g4 51. Rf7+ Ke5 52. Re7+ Kf6 53. Ra7 Rxf3+ 54. Ke2 Kg5 55. Rxa6 Ra3 56. Ra8 Kf4 57. a6 Kg3 58. a7 h3 59. Re8 Rxa7 60. Re3+ Kh2 61. Kf1 g3 62. Re2+ g2+ 63. Ke1 Ra1+ 64. Kd2 Ra2+ 0-1

[Event "Windsor NAYCC U18"]
[Site "Windsor"]
[Date "2016.08.09"]
[Round "5.16"]
[White "Mathews, Jeremy"]
[Black "Wahl, Jackson"]
[Result "0-1"]
[WhiteElo "1701"]
[BlackElo "1982"]
[PlyCount "102"]
[EventDate "2016.08.07"]
[EventType "swiss"]
[EventRounds "9"]
[EventCountry "CAN"]
[SourceTitle "EXT 2022"]
[Source "ChessBase"]
[SourceDate "2021.10.06"]
[SourceVersion "1"]
[SourceVersionDate "2021.10.06"]
[SourceQuality "1"]

1. e4 d5 2. exd5 Qxd5 3. Nc3 Qa5 4. Bc4 c6 5. d3 Bf5 6. Bd2 e6 7. Nf3 Nf6 8. 0-0 Qc7 9. Nd4 Bg4 10. f3 Bh5 11. Nde2 Bd6 12. g3 0-0 13. Bf4 Nbd7 14. Bxd6 Qxd6 15. Nf4 Bg6 16. Nxg6 hxg6 17. Ne4 Qd4+ 18. Kg2 Nb6 19. c3 Nxc4 20. cxd4 Ne3+ 21. Kf2 Nxd1+ 22. Rfxd1 Rfd8 23. Nxf6+ gxf6 24. Ke3 Rd5 25. Rac1 Rad8 26. Rc4 R8d6 27. a4 a6 28. Rb4 Rd7 29. f4 Kf8 30. h4 f5 31. Rc1 Ke7 32. Rc5 Kd6 33. Rbc4 Rc7 34. a5 Rd7 35. b4 Kc7 36. Rxd5 Rxd5 37. Rc5 Kd6 38. Rc4 Rb5 39. Kd2 b6 40. axb6 Rxb6 41. Kc3 Rb5 42. Rc5 Kc7 43. Kb3 Kb7 44. Kc3 Kb6 45. Kc4 f6 46. Rxb5+ cxb5+ 47. Kc3 a5 48. bxa5+ Kxa5 49. d5 exd5 50. g4 fxg4 51. Kd2 f5 0-1

[Event "Windsor NAYCC U18"]
[Site "Windsor"]
[Date "2016.08.08"]
[Round "2.14"]
[White "Wahl, Jackson"]
[Black "Bian, Alex"]
[Result "1/2-1/2"]
[WhiteElo "1982"]
[BlackElo "2300"]
[PlyCount "55"]
[EventDate "2016.08.07"]
[EventType "swiss"]
[EventRounds "9"]
[EventCountry "CAN"]
[SourceTitle "EXT 2022"]
[Source "ChessBase"]
[SourceDate "2021.10.06"]
[SourceVersion "1"]
[SourceVersionDate "2021.10.06"]
[SourceQuality "1"]

1. d4 Nf6 2. c4 e6 3. Nc3 c5 4. d5 exd5 5. cxd5 d6 6. e4 g6 7. h3 Bg7 8. Nf3 0-0 9. Bd3 Nh5 10. 0-0 Nd7 11. Bg5 Bf6 12. Bh6 Bg7 13. Bg5 Bf6 14. Bh6 Re8 15. g4 Ng7 16. Bf4 Ne5 17. Nxe5 Bxe5 18. Bxe5 Rxe5 19. f4 Re8 20. Qf3 f5 21. gxf5 gxf5 22. Kh2 Kh8 23. Rae1 Qf6 24. Re2 fxe4 25. Nxe4 Qf8 26. Ng5 Bf5 27. Bxf5 Qxf5 28. Rfe1 1/2-1/2